<?xml version="1.0" encoding="UTF-8"?>
<record
    xmlns:xsi="http://www.w3.org/2001/XMLSchema-instance"
    xsi:schemaLocation="http://www.loc.gov/MARC21/slim http://www.loc.gov/standards/marcxml/schema/MARC21slim.xsd"
    xmlns="http://www.loc.gov/MARC21/slim">

  <leader>01666naa a2200253 i 4500</leader>
  <controlfield tag="001">BPP</controlfield>
  <controlfield tag="003">BPK</controlfield>
  <controlfield tag="005">20190604154926.0</controlfield>
  <controlfield tag="008">140605s1978    pl     f     |100 0 pol</controlfield>
  <datafield tag="040" ind1=" " ind2=" ">
    <subfield code="c">BPK</subfield>
  </datafield>
  <datafield tag="080" ind1=" " ind2=" ">
    <subfield code="a">621.9</subfield>
  </datafield>
  <datafield tag="100" ind1=" " ind2=" ">
    <subfield code="a">KACALAK, Wojciech.</subfield>
    <subfield code="d">1970 - 1996.</subfield>
    <subfield code="b">Wy&#x17C;sza Szko&#x142;a In&#x17C;ynierska w Koszalinie - Instytut Techniki Wytwarzania,</subfield>
    <subfield code="c">Zak&#x142;ad Obr&#xF3;bki Skrawaniem</subfield>
  </datafield>
  <datafield tag="245" ind1=" " ind2=" ">
    <subfield code="a">Topografia &#x15B;lad&#xF3;w skrawania pojedy&#x144;czymi ziarnami &#x15B;ciernymi zamocowanymi elastycznie /</subfield>
    <subfield code="c">Wojciech Kacalak, Zdzis&#x142;aw Pluta.</subfield>
  </datafield>
  <datafield tag="260" ind1=" " ind2=" ">
    <subfield code="c">1978.</subfield>
  </datafield>
  <datafield tag="500" ind1=" " ind2=" ">
    <subfield code="a">Dane z autopsji.</subfield>
  </datafield>
  <datafield tag="520" ind1=" " ind2=" ">
    <subfield code="a">W pracy przedstawiono model procesu skrawania pojedynczym ziarnem zamocowanym elastycznie opracowany na podstawie warunk&#xF3;w dynamicznej r&#xF3;wnowagi ostrza w strefie pracy. W oparciu o rozwa&#x17C;ania teoretyczne oraz wyniki bada&#x144; do&#x15B;wiadczalnych przeprowadzono analiz&#x119; wp&#x142;ywu sposobu utwierdzenia ziarna na topografi&#x119; &#x15B;lad&#xF3;w skrawania. Na podstawie wprowadzonych parametr&#xF3;w oceny topografii &#x15B;lad&#xF3;w dokonano identyfikacji zjawisk fizycznych w strefie skrawania zwi&#x105;zanych z mechanicznym oddzia&#x142;ywaniem ostrza na materia&#x142; obrabiany.</subfield>
  </datafield>
  <datafield tag="650" ind1=" " ind2="0">
    <subfield code="a">Materia&#x142;y &#x15B;cierne.</subfield>
  </datafield>
  <datafield tag="655" ind1=" " ind2="0">
    <subfield code="a">Materia&#x142;y konferencyjne.</subfield>
  </datafield>
  <datafield tag="650" ind1=" " ind2="0">
    <subfield code="a">Skrawanie</subfield>
  </datafield>
  <datafield tag="773" ind1=" " ind2=" ">
    <subfield code="i">W :</subfield>
    <subfield code="t">Post&#x119;py w technice wytwarzania. Cz. 1, Narz&#x119;dzia i technologia obr&#xF3;bki &#x15B;ciernej. -</subfield>
    <subfield code="g">1978, s. 324-331</subfield>
  </datafield>
  <datafield tag="700" ind1=" " ind2=" ">
    <subfield code="a">PLUTA, Zdzis&#x142;aw.</subfield>
    <subfield code="d">1973 - 1996.</subfield>
    <subfield code="b">Wy&#x17C;sza Szko&#x142;a In&#x17C;ynierska w Koszalinie - Instytut Techniki Wytwarzania,</subfield>
    <subfield code="c">Zak&#x142;ad Obr&#xF3;bki Skrawaniem</subfield>
  </datafield>
  <datafield tag="711" ind1=" " ind2=" ">
    <subfield code="a">Konferencja Naukowo-Techniczna  "Post&#x119;py w technice wytwarzania"</subfield>
    <subfield code="d">(1978 ;</subfield>
    <subfield code="c">Ko&#x142;obrzeg, Polska).</subfield>
  </datafield>
  <datafield tag="942" ind1=" " ind2=" ">
    <subfield code="c">ART</subfield>
    <subfield code="2">UKD</subfield>
  </datafield>
  <datafield tag="999" ind1=" " ind2=" ">
    <subfield code="c">5437</subfield>
    <subfield code="d">5437</subfield>
  </datafield>
  <datafield tag="952" ind1=" " ind2=" ">
    <subfield code="0">0</subfield>
    <subfield code="1">0</subfield>
    <subfield code="4">0</subfield>
    <subfield code="7">0</subfield>
    <subfield code="a">BPK</subfield>
    <subfield code="b">BPK</subfield>
    <subfield code="o">25774</subfield>
    <subfield code="y">ART</subfield>
  </datafield>
</record>
